000 00688nam a2200253Ia 4500
003 OSt
005 20221006143957.0
006 a|||||r|||| 00| 0
007 ta
008 221006b |||||||| |||| 00| 0 eng d
020 _c
_6.00
024 _a10,539
037 _cTextual
040 _aEASL
_cEASL
_beng
041 _2eng
_aeng
082 _aW,4N21:3(Y:47), K6
100 _aHUNG-cHI COMMENTATOR
_9650687
245 0 _aPolitical work
_b The lifeline of all work
260 _aPeking
_bForeign Languages Press
_c1966
300 _a62p.
_ccm.
490 _v Oth
942 _hW,4N21:3(Y:47), K6
_cTEXL
_2CC
999 _c1078625
_d1078625